005250000a22001330004500090001700000245010700017041001400124700003400138700003600172100003900208942001300247773011400260999001700374 aASbSeriadas10aAtlas palinológico de la Amazonia colombiana III. Familia Melastomataceae y Mouriri ()0 aEspañol1 aRangel Ch., J. Orlando9928191 aBogotá A., R. Giovanni9991371 aJiménez Bulla, Luis Carlos97273 cARTICULO1 tRevista de la Academia Colombiana de Ciencias Exactas, Fisicas y Naturales332hSupl. Esp.q695-712d1999g23 c14160d14160